000 00868cam a2200241 a 4500
001 000008091
005 20200929154429.0
008 940815s1992 sp a b 001 1 spa
020 _a8470396609
040 _aDO-SdBNP
_cDLC
_dDLC
082 _a863.64
_bL167i
100 1 _aLaforet, Carmen.
_921916
245 1 3 _aLa insolación /
_cCarmen Laforet ; edición, introducción y notas, José María Martínez Cachero.
260 _aMadrid :
_bCastalia :
_bInstituto de la Mujer,
_c1992.
300 _a394 p. :
_bil. ;
_c20 cm.
490 1 _aBiblioteca de Escritoras
_vno. 32
504 _aIncluye referencias bibliográficas p. 41-42.
650 4 _aNovela española
_91123
650 4 _aLiteratura española
_9632
700 1 _aMartínez Cachero, José María,
_eed.
_921994
830 0 _aBiblioteca de Escritoras ;
_vno. 32
_95389
910 _aCatalogación por copia / LC
999 _c7868
_d7868